000
00208nam a2200085Ia 4500
008
180219s9999 xx 000 0 und d
100
_a
Ram S K
245
0
_a
Reading In Language And Language Teaching
260
_a
N.C.E.R.T
260
_c
1983
999
_c
42732
_d
42732